[Event "Skakligaen 2024-25"]
[Site "Denmark"]
[Date "2024.11.17"]
[Round "3.7"]
[White "Holm, Filip Martin Kierulf Hou"]
[Black "Laursen, Niels Norskov"]
[Result "1/2-1/2"]
[WhiteElo "1993"]
[BlackElo "2183"]
[EventDate "2024.11.02"]
[EventType "team-tourn"]
[EventRounds "9"]
[EventCountry "DEN"]
[SourceTitle "Casper Dahl Rasmussen"]
[WhiteTeam "Nordre"]
[BlackTeam "Obro"]

1. e4 c5 2. c3 Nf6 3. e5 Nd5 4. d4 cxd4 5. cxd4 e6 6. Nf3 d6 7. Be2 Be7 8. O-O O-O 9. Nbd2 Nc6 10. Ne4 dxe5 11. dxe5 Qc7 12. Qc2 Nxe5 13. Qxc7 Nxf3+ 14. Bxf3 Nxc7 15. Bf4 Nd5 16. Be5 Bd7 17. Nc3 Bc6 18. Nxd5 Bxd5 19. Bxd5 exd5 20. Rad1 Rfd8 21. Rd3 f6 22. Bd4 Kf7 23. f4 b6 24. f5 Rac8 25. Rfd1 Rc2 26. a3 Bc5 27. b4 Bxd4+ 28. Rxd4 Ra2 29. Rxd5 Rxd5 30. Rxd5 Rxa3 31. Rd7+ Kf8 32. Rb7 Ra4 33. Rb8+ Ke7 34. Rb7+ Kd6 35. Rxg7 a6 36. Rf7 Ke5 37. b5 axb5 38. Rb7 Ra6 39. Rxh7 b4 40. Rh4 Ra1+ 41. Kf2 Rb1 42. Ke2 Kxf5 43. Rh5+ Ke4 44. Rb5 Rb2+ 45. Kf1 Ke3 46. g3 Kf3 47. Rf5+ Kg4 48. Rxf6 Rxh2 49. Rf4+ Kxg3 50. Rxb4 Kf3 51. Rb3+ Ke4 52. Rxb6 Rh1+ 1/2-1/2

[Event "Skakligaen 2024-25"]
[Site "Denmark"]
[Date "2024.11.17"]
[Round "3.8"]
[White "Kakulidis, Ellen"]
[Black "Pedersen, Peer Ole"]
[Result "1-0"]
[WhiteElo "2031"]
[BlackElo "2020"]
[EventDate "2024.11.02"]
[EventType "team-tourn"]
[EventRounds "9"]
[EventCountry "DEN"]
[SourceTitle "Casper Dahl Rasmussen"]
[WhiteTeam "Obro"]
[BlackTeam "Nordre"]

1. d4 d5 2. c4 c6 3. Nf3 e6 4. g3 Nf6 5. Bg2 Be7 6. O-O O-O 7. Nbd2 a6 8. Qc2 Nbd7 9. b3 Re8 10. Bb2 b6 11. e4 h6 12. e5 Nh7 13. h4 Bb7 14. Rad1 Rc8 15. Nb1 a5 16. Nc3 Ba6 17. Qe2 c5 18. Nb5 Bxb5 19. cxb5 c4 20. bxc4 Rxc4 21. Rc1 Ra4 22. Ba1 Ba3 23. Rc2 Qe7 24. Rb1 Rb4 25. Rd1 Nhf8 26. Bf1 f6 27. Rc7 fxe5 28. Nxe5 Qd6 29. Rc6 Qe7 30. Bc3 Nxe5 31. Bxb4 Bxb4 32. Qxe5 Nd7 33. Qe2 e5 34. Bh3 e4 35. Rc7 Rd8 36. Qg4 Nf6 37. Rxe7 Nxg4 38. Re6 h5 39. Bxg4 hxg4 40. Rxb6 Kh7 41. h5 a4 42. Ra6 a3 43. Ra4 Bd6 44. b6 e3 45. fxe3 Rc8 46. b7 Rc2 47. Rb1 1-0

[Event "Skakligaen 2024-25"]
[Site "Denmark"]
[Date "2024.11.17"]
[Round "3.1"]
[White "Kanov, Nikola Krasimirov"]
[Black "Pantzar, Milton"]
[Result "1-0"]
[WhiteElo "2400"]
[BlackElo "2453"]
[EventDate "2024.11.02"]
[EventType "team-tourn"]
[EventRounds "9"]
[EventCountry "DEN"]
[SourceTitle "Finn Stuhr"]
[WhiteTeam "Fredericia"]
[BlackTeam "Koge"]

1. e4 e5 2. Nf3 Nc6 3. Bc4 Nf6 4. d3 Be7 5. O-O O-O 6. a4 d6 7. c3 Be6 8.
Bxe6 fxe6 9. b4 Qd7 10. Nbd2 h6 11. Re1 Qe8 12. b5 Nd8 13. d4 exd4 14.
cxd4 a6 15. b6 cxb6 16. Qb3 Nd7 17. Nc4 Qg6 18. Ba3 Nc6 19. d5 Rxf3 20.
Qxf3 Nce5 21. Nxe5 Nxe5 22. Qh3 Kh7 23. f4 Nc4 24. dxe6 b5 25. e5 bxa4 26.
f5 Qg5 27. f6 Nxa3 28. Qxa3 gxf6 29. exd6 Rg8 30. g3 Bd8 31. Qd3+ Kg7 32.
e7 Bb6+ 33. Kg2 Qh5 34. d7 1-0

[Event "Skakligaen 2024-25"]
[Site "Denmark"]
[Date "2024.11.17"]
[Round "3.2"]
[White "Smith, Axel"]
[Black "Fries Nielsen, Jens Ove"]
[Result "1-0"]
[WhiteElo "2433"]
[BlackElo "2334"]
[EventDate "2024.11.02"]
[EventType "team-tourn"]
[EventRounds "9"]
[EventCountry "DEN"]
[SourceTitle "Finn Stuhr"]
[WhiteTeam "Koge"]
[BlackTeam "Fredericia"]

1. e4 e6 2. d4 d6 3. f4 Ne7 4. Nf3 Nd7 5. Bd3 a6 6. O-O c5 7. c3 h6 8.
Nbd2 b5 9. a4 c4 10. Bc2 Bb7 11. b3 cxb3 12. Bxb3 Qc7 13. axb5 axb5 14.
Rxa8+ Bxa8 15. Qe2 Qxc3 16. Qxb5 Qc6 17. Qa5 Bb7 18. Ba3 Nc8 19. d5 exd5
20. Bxd5 Qa6 21. Qxa6 Bxa6 22. Ra1 Ncb6 23. Bc6 Kd8 24. Bb4 Bc8 25. Ba5 d5
26. Rc1 Bd6 27. Bxd7 Kxd7 28. Bxb6 Bxf4 29. g3 dxe4 30. gxf4 exf3 31. Nxf3
Ke6 32. Nd4+ Kd5 33. Kf2 Ke4 34. Rc7 Kxf4 35. Rxf7+ Ke4 36. Rxg7 h5 37.
Re7+ Kd5 38. h4 Bg4 39. Ke3 Rf8 40. Rc7 Rf1 41. Rc5+ Kd6 42. Rg5 Re1+ 43.
Kf2 Rc1 44. Nf5+ Kc6 45. Rg6+ Kb7 46. Ne3 Bh3 47. Bd4 Bd7 48. Rh6 Be8 49.
Re6 Bd7 50. Re5 1-0

[Event "Skakligaen 2024-25"]
[Site "Denmark"]
[Date "2024.11.17"]
[Round "3.3"]
[White "Thorsen, Adrian Stenstrop"]
[Black "Jakab, Bela"]
[Result "0-1"]
[WhiteElo "2206"]
[BlackElo "2361"]
[EventDate "2024.11.02"]
[EventType "team-tourn"]
[EventRounds "9"]
[EventCountry "DEN"]
[SourceTitle "Finn Stuhr"]
[WhiteTeam "Fredericia"]
[BlackTeam "Koge"]

1. d4 d5 2. Nc3 Nf6 3. Bf4 e6 4. Nb5 Na6 5. e3 c6 6. Nc3 Qa5 7. a3 Ne4 8.
Ne2 g5 9. Be5 f6 10. Bg3 Nxg3 11. Nxg3 Qc7 12. h4 Bd6 13. Nh5 Qe7 14. Qf3
Rf8 15. e4 g4 16. Qe2 dxe4 17. Nxe4 f5 18. Nxd6+ Qxd6 19. O-O-O Bd7 20. g3
O-O-O 21. Nf4 Nc7 22. Bg2 Rfe8 23. Nd3 Qxd4 24. Ne5 Qc5 25. Nf7 Nb5 26.
Qd3 e5 27. Nxd8 Rxd8 28. Rhe1 e4 29. Qd2 Qc4 30. Kb1 Nc7 31. Bf1 Qc5
32. c4 Ne6 33. b4 Qe5 34. Qd6 Qxd6 35. Rxd6 Re8 36. c5 b6 37. Red1 Re7 38.
Bc4 Nd8 39. Kc2 Kc7 40. cxb6+ axb6 41. Kc3 b5 42. Bg8 Ne6 43. Bxe6 Bxe6
44. Rd8 Bd5 45. Rf8 e3 46. fxe3 Rxe3+ 47. Rd3 Re5 48. Kd2 Kd6 49. Re3 Be4
50. Rf6+ Kd5 51. Rc3 Kd4 52. Rd6+ Bd5 53. Rcxc6 Re3 54. Rc5 Rd3+ 55.
Ke2 Ke4 56. Rc8 Rxg3 57. Re8+ Kd4 58. Red8 Re3+ 59. Kd2 Re5
60. Rf6 g3 61. Rc8 Bc4 62. Rd8+ Ke4 0-1

[Event "Skakligaen 2024-25"]
[Site "Denmark"]
[Date "2024.11.17"]
[Round "3.4"]
[White "Jorgensen, Brian"]
[Black "Schwarz, Frank"]
[Result "1-0"]
[WhiteElo "2258"]
[BlackElo "2231"]
[EventDate "2024.11.02"]
[EventType "team-tourn"]
[EventRounds "9"]
[EventCountry "DEN"]
[SourceTitle "Finn Stuhr"]
[WhiteTeam "Koge"]
[BlackTeam "Fredericia"]

1. d4 Nf6 2. c4 e6 3. Nf3 d5 4. Nc3 c5 5. cxd5 Nxd5 6. e4 Nxc3 7. bxc3
cxd4 8. cxd4 Bb4+ 9. Bd2 Bxd2+ 10. Qxd2 O-O 11. Bc4 Nd7 12. O-O b6 13.
Rfe1 Bb7 14. Rad1 h6 15. d5 exd5 16. Bxd5 Bxd5 17. Qxd5 Nc5 18. Qf5 Qc8
19. Qf4 Qe6 20. Rd5 Rad8 21. Nd4 Qe8 22. Re3 Ne6 23. Qe5 Qa4 24. Nf3 Qxa2
25. h4 Rc8 26. Re1 Qa3 27. Rdd1 Qc5 28. Qa1 b5 29. Rd5 Qb6 30. Qb2 Rc5 31.
Ne5 Rxd5 32. exd5 Nc5 33. Rd1 Rd8 34. Nc6 Re8 35. Qd4 Re4 36. Qd2 b4 37.
Nd4 a5 38. Nf5 Qf6 39. Ng3 Re8 40. d6 Rd8 41. Qd5 Qc3 42. Nf5 Qb3 43. Ne7+
Kh8 44. Qxb3 Nxb3 45. Nc6 Rd7 46. Ne5 Nc5 47. Rd5 b3 48. Rxc5 a4 49. Rb5
a3 50. Rxb3 Ra7 51. d7 a2 52. d8=Q+ Kh7 53. Qd3+ g6 54. Ra3 1-0

[Event "Skakligaen 2024-25"]
[Site "Denmark"]
[Date "2024.11.17"]
[Round "3.5"]
[White "Prien, Thore"]
[Black "Pedersen, Henrik Dahl"]
[Result "0-1"]
[WhiteElo "2220"]
[BlackElo "2251"]
[EventDate "2024.11.02"]
[EventType "team-tourn"]
[EventRounds "9"]
[EventCountry "DEN"]
[SourceTitle "Finn Stuhr"]
[WhiteTeam "Fredericia"]
[BlackTeam "Koge"]

1. e4 e6 2. d4 d5 3. e5 c5 4. c3 Nc6 5. Nf3 Qb6 6. Bd3 Bd7 7. dxc5 Bxc5 8.
O-O a5 9. Nbd2 f6 10. exf6 Nxf6 11. Nb3 Bxf2+ 12. Rxf2 Ng4 13. Qe2 O-O
14. Nbd4 e5 15. Nxe5 Rxf2 16. Nxd7 Rxe2 17. Nxb6 Re1+ 18. Bf1 Nxd4 19. g3
Rf8 0-1

[Event "Skakligaen 2024-25"]
[Site "Denmark"]
[Date "2024.11.17"]
[Round "3.6"]
[White "Nord, Alexander"]
[Black "Hansen, Per"]
[Result "1-0"]
[WhiteElo "2222"]
[BlackElo "2079"]
[EventDate "2024.11.02"]
[EventType "team-tourn"]
[EventRounds "9"]
[EventCountry "DEN"]
[SourceTitle "Finn Stuhr"]
[WhiteTeam "Koge"]
[BlackTeam "Fredericia"]

1. Nf3 d6 2. d4 Nd7 3. e4 e5 4. Nc3 Ngf6 5. Bc4 Be7 6. O-O h6 7. a4 c6 8.
Re1 O-O 9. h3 Qc7 10. b3 Re8 11. Bb2 Nf8 12. Bd3 Ng6 13. Ne2 Bf8 14. Ng3
Nf4 15. Bf1 c5 16. dxe5 dxe5 17. Qd2 N6h5 18. Nxh5 Nxh5 19. Bb5 Re7 20.
Rad1 a6 21. Bc4 Re8 22. Qc3 Bd6 23. Rd3 Qe7 24. Red1 Bc7 25. Ba3 Nf4 26.
R3d2 Kh7 27. Bf1 b6 28. a5 Qf6 29. axb6 Bxb6 30. Rd6 Re6 31. Rxe6 Bxe6 32.
Rd6 Bc7 33. Rc6 Qg6 34. Rxc7 Nxh3+ 35. Kh2 Nxf2 36. Bxc5 Ng4+ 37. Kg1 Qf6
38. Bd6 Rd8 39. Be7 1-0

[Event "Skakligaen 2024-25"]
[Site "Denmark"]
[Date "2024.11.17"]
[Round "3.7"]
[White "Friis, Carsten Bank"]
[Black "Bazilius, Augustinas"]
[Result "0-1"]
[WhiteElo "2163"]
[BlackElo "2206"]
[EventDate "2024.11.02"]
[EventType "team-tourn"]
[EventRounds "9"]
[EventCountry "DEN"]
[SourceTitle "Finn Stuhr"]
[WhiteTeam "Fredericia"]
[BlackTeam "Koge"]

1. c3 d5 2. d4 Nf6 3. Bf4 c5 4. e3 Qb6 5. Qb3 Nc6 6. Nd2 c4 7. Qc2 g6 8.
b3 Bf5 9. Qc1 cxb3 10. axb3 Rc8 11. Qb2 h6 12. Ngf3 g5 13. Be5 Bg7 14. Be2
Nxe5 15. Nxe5 Ne4 16. Nxe4 Bxe4 17. f3 Bh7 18. Nd3 O-O 19. b4 Bxd3 20.
Bxd3 e5 21. Bf5 Rc4 22. Ra3 exd4 23. exd4 Re8+ 24. Kd1 Re3 25. Re1 Bxd4
26. Rxe3 Bxe3 27. Qe2 Qxb4 28. Qxe3 Qxa3 29. Qe5 Qxc3 0-1

[Event "Skakligaen 2024-25"]
[Site "Denmark"]
[Date "2024.11.17"]
[Round "3.8"]
[White "Henriksen, Kasper"]
[Black "Madsen, Michael Baehring"]
[Result "1-0"]
[WhiteElo "2102"]
[BlackElo "2061"]
[EventDate "2024.11.02"]
[EventType "team-tourn"]
[EventRounds "9"]
[EventCountry "DEN"]
[SourceTitle "Finn Stuhr"]
[WhiteTeam "Koge"]
[BlackTeam "Fredericia"]

1. d4 Nf6 2. c4 c5 3. d5 a6 4. a4 g6 5. Nc3 Bg7 6. e4 d6 7. Nge2 O-O 8.
Ng3 b6 9. Be2 e5 10. O-O Ne8 11. Be3 Ra7 12. Qd2 f5 13. exf5 gxf5 14. f4
e4 15. Nh5 Nf6 16. Nxg7 Rxg7 17. h3 Kh8 18. a5 Rfg8 19. Rf2 Ne8 20. axb6
Qh4 21. Kh1 Nf6 22. b4 Ng4 23. Bxg4 fxg4 24. Nxe4 g3 25. Rf3 Qe7 26. Ng5
h6 27. Ne6 Bxe6 28. dxe6 Qxe6 29. bxc5 dxc5 30. Bxc5 Nc6 31. Qd5 Qf6 32.
Rd1 Re8 33. Bd6 Nd4 34. Rfd3 Ne2 35. Be5 1-0

[Event "Skakligaen 2024-25"]
[Site "Denmark"]
[Date "2024.12.08"]
[Round "4.1"]
[White "Thybo, Jesper Sondergaard"]
[Black "Kanov, Nikola Krasimirov"]
[Result "1-0"]
[WhiteElo "2553"]
[BlackElo "2400"]
[EventDate "2024.11.02"]
[EventType "team-tourn"]
[EventRounds "9"]
[EventCountry "DEN"]
[SourceTitle "Holdskaksystemet"]
[WhiteTeam "Hillerod"]
[BlackTeam "Fredericia"]
[WhiteTeamCountry "DEN"]
[BlackTeamCountry "DEN"]

1. c4 c5 2. Nf3 Nc6 3. Nc3 e5 4. g3 g6 5. Bg2 Bg7 6. O-O Nge7 7. d3 d6 8. a3 O-O 9. Rb1 a5 10. Ne1 Be6 11. Bg5 Qd7 12. Bxe7 Nxe7 13. Nf3 h6 14. Nd2 Rab8 15. Qb3 b6 16. Qb5 Qc8 17. Qa4 Rd8 18. Rfc1 Bf8 19. b4 axb4 20. axb4 cxb4 21. Qxb4 d5 22. cxd5 Nxd5 23. Nxd5 Bxb4 24. Rxc8 Bxd2 25. Rxb8 Rxb8 26. Ne7+ Kf8 27. Nc6 Ra8 28. h4 Bc3 29. Rxb6 Ra1+ 30. Kh2 Be1 31. Nd8 Bd7 32. Rb7 Ke8 33. Nc6 Be6 34. Rb8+ Kd7 35. Nxe5+ Kd6 36. f4 Bf2 37. Bh3 Bg1+ 38. Kg2 f5 39. Rh8 Bd5+ 40. Nf3 Bd4 41. Rd8+ Kc5 42. Kh2 Bxf3 43. exf3 h5 44. Bg2 Ra6 45. Kh3 Rd6 46. Re8 Bc3 47. Bf1 Kd4 48. Be2 Rb6 49. Re5 Rb2 50. Kg2 Be1 51. Re8 Ra2 52. Kh3 Bf2 53. Bf1 Bg1 54. Rd8+ Kc5 55. Bg2 Ra6 56. Bf1 Rd6 57. Rf8 Kd4 58. g4 hxg4+ 59. fxg4 fxg4+ 60. Kxg4 Bh2 61. Re8 Rd5 62. Re2 Bg1 63. Re4+ Kc5 64. Re6 Rd6 65. Re5+ Kc6 66. Bg2+ Kd7 67. Be4 Rf6 68. Kg5 Re6 69. Rd5+ Rd6 70. Ra5 Ke7 71. Bxg6 Bd4 72. h5 Bf6+ 73. Kg4 Bd4 74. Rb5 Kf8 75. Rb8+ Kg7 76. Rb7+ Kg8 77. Be4 Bg7 78. Rb8+ Kf7 79. Bg6+ Kf6 80. Rb7 Bh6 81. Rf7+ Ke6 82. Rh7 Bf8 83. Be4 Kf6 84. h6 Rd8 85. Rb7 Bc5 86. h7 Bd4 87. Rd7 1-0

[Event "Skakligaen 2024-25"]
[Site "Denmark"]
[Date "2024.12.08"]
[Round "4.2"]
[White "Fries Nielsen, Jens Ove"]
[Black "Hansen, Sune Berg"]
[Result "1/2-1/2"]
[WhiteElo "2326"]
[BlackElo "2513"]
[EventDate "2024.11.02"]
[EventType "team-tourn"]
[EventRounds "9"]
[EventCountry "DEN"]
[SourceTitle "Holdskaksystemet"]
[WhiteTeam "Fredericia"]
[BlackTeam "Hillerod"]
[WhiteTeamCountry "DEN"]
[BlackTeamCountry "DEN"]

1. d4 Nf6 2. Nf3 d5 3. e3 g6 4. b4 Bg7 5. Bb2 O-O 6. Nbd2 c6 7. Be2 a5 8. bxa5 Qxa5 9. O-O Qa4 10. c4 Nbd7 11. Qb3 dxc4 12. Bxc4 Qa5 13. Bc3 Qh5 14. a4 Nd5 15. Bb2 N7f6 16. Ba3 b5 17. Rfe1 1/2-1/2

[Event "Skakligaen 2024-25"]
[Site "Denmark"]
[Date "2024.12.08"]
[Round "4.3"]
[White "Schandorff, Lars"]
[Black "Thorsen, Adrian Stenstrop"]
[Result "1/2-1/2"]
[WhiteElo "2473"]
[BlackElo "2198"]
[EventDate "2024.11.02"]
[EventType "team-tourn"]
[EventRounds "9"]
[EventCountry "DEN"]
[SourceTitle "Holdskaksystemet"]
[WhiteTeam "Hillerod"]
[BlackTeam "Fredericia"]
[WhiteTeamCountry "DEN"]
[BlackTeamCountry "DEN"]

1. d4 d5 2. Nf3 Nf6 3. e3 c6 4. Bd3 Bg4 5. Nbd2 Nbd7 6. h3 Bh5 7. O-O e5 8. e4 exd4 9. Re1 Be7 10. exd5 Nxd5 11. Ne4 O-O 12. Ng3 Bxf3 13. Qxf3 g6 14. Bh6 Re8 15. Re4 Bf6 16. Rae1 1/2-1/2

[Event "Skakligaen 2024-25"]
[Site "Denmark"]
[Date "2024.12.08"]
[Round "4.4"]
[White "Easwaralingam, Adesh"]
[Black "Aagaard, Jacob"]
[Result "0-1"]
[WhiteElo "2194"]
[BlackElo "2433"]
[EventDate "2024.11.02"]
[EventType "team-tourn"]
[EventRounds "9"]
[EventCountry "DEN"]
[SourceTitle "Holdskaksystemet"]
[WhiteTeam "Fredericia"]
[BlackTeam "Hillerod"]
[WhiteTeamCountry "DEN"]
[BlackTeamCountry "DEN"]

1. e4 c5 2. Nf3 Nc6 3. Bb5 g6 4. Bxc6 bxc6 5. O-O Bg7 6. d3 d6 7. Re1 Nh6 8. Nbd2 O-O 9. c3 f6 10. Qa4 Bd7 11. d4 cxd4 12. cxd4 Nf7 13. Qa3 a5 14. Nc4 Re8 15. Bd2 a4 16. Bb4 Qb8 17. Rac1 Qb5 18. Ncd2 Reb8 19. Bc3 e5 20. dxe5 fxe5 21. Rc2 Be6 22. Nb1 Bf8 23. Bd2 Bb3 0-1

[Event "Skakligaen 2024-25"]
[Site "Denmark"]
[Date "2024.12.08"]
[Round "4.5"]
[White "Percivaldi, Martin"]
[Black "Light, Bjarne"]
[Result "0-1"]
[WhiteElo "2390"]
[BlackElo "2185"]
[EventDate "2024.11.02"]
[EventType "team-tourn"]
[EventRounds "9"]
[EventCountry "DEN"]
[SourceTitle "Holdskaksystemet"]
[WhiteTeam "Hillerod"]
[BlackTeam "Fredericia"]
[WhiteTeamCountry "DEN"]
[BlackTeamCountry "DEN"]

1. Nf3 c5 2. c4 Nc6 3. d4 cxd4 4. Nxd4 Nf6 5. Nc3 e6 6. Bf4 d6 7. Ndb5 e5 8. Bg5 a6 9. Na3 Be7 10. g3 Qb6 11. Qd2 Ng4 12. O-O-O Bxg5 13. Qxg5 O-O 14. Rxd6 Nxf2 15. Nd5 Qc5 16. Rh6 Ne4 17. Qh4 Qd4 18. Bg2 Qd2+ 19. Kb1 Bf5 20. Rh5 Nc3+ 21. Ka1 Nd1 22. Nf6+ gxf6 0-1

[Event "Skakligaen 2024-25"]
[Site "Denmark"]
[Date "2024.12.08"]
[Round "4.6"]
[White "Guindy, Esmat Susanne"]
[Black "Borge, Nikolaj"]
[Result "0-1"]
[WhiteElo "2055"]
[BlackElo "2363"]
[EventDate "2024.11.02"]
[EventType "team-tourn"]
[EventRounds "9"]
[EventCountry "DEN"]
[SourceTitle "Holdskaksystemet"]
[WhiteTeam "Fredericia"]
[BlackTeam "Hillerod"]
[WhiteTeamCountry "DEN"]
[BlackTeamCountry "DEN"]

1. Nf3 d5 2. d4 Nf6 3. g3 c5 4. e3 Nc6 5. Bg2 Bf5 6. Nh4 Bg4 7. f3 Bh5 8. g4 e6 9. O-O Nd7 10. gxh5 Qxh4 11. f4 cxd4 12. exd4 Nxd4 13. Be3 Nf5 14. Bf2 Qxf4 15. Nc3 Bd6 16. Bg3 Qe3+ 17. Bf2 Qe5 18. Re1 Qxh2+ 19. Kf1 O-O 20. Nxd5 exd5 21. Qxd5 Qxh5 22. Rad1 Nf6 23. Qxb7 Ng3+ 24. Kg1 Ng4 25. Bxg3 Qc5+ 26. Kh1 Bxg3 27. Rd5 Nf2+ 28. Kg1 Nh3+ 29. Kh1 Qg1+ 30. Rxg1 Nf2# 0-1

[Event "Skakligaen 2024-25"]
[Site "Denmark"]
[Date "2024.12.08"]
[Round "4.7"]
[White "Ostergaard, Jens"]
[Black "Hansen, Jens Christian"]
[Result "1-0"]
[WhiteElo "2264"]
[BlackElo "1968"]
[EventDate "2024.11.02"]
[EventType "team-tourn"]
[EventRounds "9"]
[EventCountry "DEN"]
[SourceTitle "Holdskaksystemet"]
[WhiteTeam "Hillerod"]
[BlackTeam "Fredericia"]
[WhiteTeamCountry "DEN"]
[BlackTeamCountry "DEN"]

1. d4 Nf6 2. Nf3 e6 3. c4 Bb4+ 4. Bd2 Be7 5. Nc3 d5 6. Bg5 O-O 7. e3 c6 8. Qc2 h6 9. Bh4 Nbd7 10. Rd1 b6 11. Bd3 Bb7 12. O-O Rc8 13. cxd5 Nxd5 14. Bxe7 Qxe7 15. Qa4 a5 16. e4 Nb4 17. Bb1 Ra8 18. a3 b5 19. Qb3 Na6 20. e5 f5 21. exf6 Rxf6 22. Rfe1 Rxf3 23. gxf3 Qg5+ 24. Kh1 c5 25. Qxe6+ Kh8 26. Be4 Nf8 27. Qf7 Bxe4 28. Nxe4 Qg6 29. Qxg6 Nxg6 30. Nxc5 Nxc5 31. dxc5 Rc8 32. b4 axb4 33. axb4 Nf4 34. Re4 g5 35. Re7 Kg8 36. Red7 Ne6 37. R1d6 1-0

[Event "Skakligaen 2024-25"]
[Site "Denmark"]
[Date "2024.12.08"]
[Round "4.8"]
[White "Jakobsen, Jonas Nybo"]
[Black "Jaksland, Tim"]
[Result "0-1"]
[WhiteElo "1962"]
[BlackElo "2107"]
[EventDate "2024.11.02"]
[EventType "team-tourn"]
[EventRounds "9"]
[EventCountry "DEN"]
[SourceTitle "Holdskaksystemet"]
[WhiteTeam "Fredericia"]
[BlackTeam "Hillerod"]
[WhiteTeamCountry "DEN"]
[BlackTeamCountry "DEN"]

1. Nf3 d5 2. g3 Nd7 3. Bg2 e5 4. d3 Ngf6 5. O-O Bc5 6. b3 O-O 7. Bb2 Qe7 8. e3 Re8 9. c4 dxc4 10. bxc4 e4 11. Nd4 Ne5 12. Nb5 Nxd3 13. Bxf6 gxf6 14. N5c3 f5 15. Nd5 Qe5 16. Qh5 c6 17. Qg5+ Kh8 18. Qf6+ Qxf6 19. Nxf6 Rd8 20. Nd2 Bb4 21. Nb3 Bc3 22. Nh5 Bxa1 23. Rxa1 Be6 24. Bh3 Ne5 25. Nc5 b6 26. Nxe6 fxe6 27. Nf4 Rd6 28. Rc1 Rad8 29. Bf1 Nd3 30. Nxd3 exd3 31. Rd1 b5 32. cxb5 c5 0-1

[Event "Skakligaen 2024-25"]
[Site "Denmark"]
[Date "2024.12.08"]
[Round "4.1"]
[White "Kistrup, Nicolai"]
[Black "Sloth, Jorn"]
[Result "1-0"]
[WhiteElo "2420"]
[BlackElo "2286"]
[EventDate "2024.11.02"]
[EventType "team-tourn"]
[EventRounds "9"]
[EventCountry "DEN"]
[SourceTitle "Holdskaksystemet"]
[WhiteTeam "BMS"]
[BlackTeam "Nordre"]
[WhiteTeamCountry "DEN"]
[BlackTeamCountry "DEN"]

1. e4 c5 2. Nf3 a6 3. c3 e6 4. d4 d5 5. exd5 exd5 6. Bd3 c4 7. Bc2 Nf6 8. O-O Be7 9. Re1 Bg4 10. Nbd2 Nc6
11. Nf1 O-O 12. Ng3 Bd6 13. h3 Be6 14. Ne5 Qc7 15. Qf3 Rfe8 16. Bg5 Nd7 17. Nxd7 Qxd7 18. Nh5 Be7 19. Qg3 g6 20. Nf6+ Bxf6
21. Bxf6 Bf5 22. Qg5 Re6 23. Bxf5 Rxe1+ 24. Rxe1 Qxf5 25. Qxf5 gxf5 26. Re3 f4 27. Rf3 Re8 28. Rxf4 Re1+ 29. Kh2 Re2 30. b3 b5 31. bxc4 bxc4 32. Rf5 Re6 33. Bg5 Rd6 34. Bf4 Ne7 35. Bxd6 Nxf5 36. Ba3 h5 37. g4 hxg4 38. hxg4 Ng7 39. Kg3 f6 40. f4 f5
41. Bd6 Kf7 42. Be5 Ne6 43. gxf5 Nf8 44. a4 Nd7 45. a5 Nf8 46. Kh4 Nh7 47. Kh5 Nf8 48. Kh6 Nd7 49. Kg5 Nf8 50. f6 Ke6
51. f7 Kxf7 52. Bd6 Nd7 53. Kf5 Nf6 54. Ke5 Ne4 55. Bb4 Nf6 56. f5 1-0

[Event "Skakligaen 2024-25"]
[Site "Denmark"]
[Date "2024.12.08"]
[Round "4.2"]
[White "Petersen, Tom Petri"]
[Black "Haubro, Martin"]
[Result "1/2-1/2"]
[WhiteElo "2267"]
[BlackElo "2383"]
[EventDate "2024.11.02"]
[EventType "team-tourn"]
[EventRounds "9"]
[EventCountry "DEN"]
[SourceTitle "Holdskaksystemet"]
[WhiteTeam "Nordre"]
[BlackTeam "BMS"]
[WhiteTeamCountry "DEN"]
[BlackTeamCountry "DEN"]

1. c4 e6 2. g3 d5 3. Bg2 dxc4 4. Nf3 Nd7 5. O-O c5 6. Na3 Be7 7. Nxc4 Ngf6 8. b3 O-O 9. Bb2 Nd5 10. Rc1 b6
11. e4 Nb4 12. d4 Nxa2 13. Ra1 Nb4 14. d5 exd5 15. exd5 Bb7 16. d6 Bf6 17. Nfe5 Bxg2 18. Kxg2 b5 19. Nxd7 Bxb2 20. Nxb2 Qxd7
21. Nd3 Qc6+ 22. Kg1 Rfd8 23. Nxb4 cxb4 24. Qd4 Qxd6 25. Qxd6 Rxd6 26. Ra5 a6 27. Rfa1 Rb6 28. Rd1 Rc8 29. Rd4 g5 30. h4 h6
31. hxg5 hxg5 32. Rxb4 Rc2 33. Rg4 Rb2 34. Rxg5+ Kf8 35. Rh5 Rxb3 36. Rh8+ Kg7 37. Ra8 Rc3 38. R5xa6 Rcc6 39. Rxb6 Rxb6 40. Ra3 b4 41. Rb3 Kf6 42. Kf1 Ke5 43. Ke2 Kd4 44. Kd2 Kc4 45. Rf3 b3 46. Rf4+ Kd5 47. Kc1 b2+ 48. Kb1 f6 49. Rh4 Ke5 50. Rf4 Rb3 51. Rc4 f5 52. Rf4 Rb5 53. Rc4 Rb3 1/2-1/2

[Event "Skakligaen 2024-25"]
[Site "Denmark"]
[Date "2024.12.08"]
[Round "4.3"]
[White "Jacobsen, Mikkel Manosri"]
[Black "Andersen, Thomas Klitgaard"]
[Result "1-0"]
[WhiteElo "2320"]
[BlackElo "2206"]
[EventDate "2024.11.02"]
[EventType "team-tourn"]
[EventRounds "9"]
[EventCountry "DEN"]
[SourceTitle "Holdskaksystemet"]
[WhiteTeam "BMS"]
[BlackTeam "Nordre"]
[WhiteTeamCountry "DEN"]
[BlackTeamCountry "DEN"]

1. c4 e6 2. g3 d5 3. Bg2 Nf6 4. Nf3 dxc4 5. Qa4+ Bd7 6. Qxc4 c5 7. Ne5 Qc7 8. d4 Nc6 9. Bf4 Nxe5 10. Bxe5 Qb6
11. Nc3 Be7 12. O-O O-O 13. dxc5 Bxc5 14. Bxb7 Qxb7 15. Qxc5 Ne4 16. Qe3 Nxc3 17. Bxc3 f6 18. Rfd1 e5 19. Rd6 Rfe8 20. a4 Be6 21. b4 a6 22. Be1 Rac8 23. Rb6 Qa8 24. Rd1 Rc6 25. Rd6 Rxb6 26. Qxb6 Bc4 27. Rd2 Rb8 28. Qc7 Rc8 29. Qe7 Re8 30. Qd6 Qb8
31. f3 Qxd6 32. Rxd6 e4 33. Rd4 Bb3 34. fxe4 Bxa4 35. Kf2 Bb5 36. g4 Rc8 37. Bd2 Kf7 38. g5 fxg5 39. Bxg5 Rc4 40. e3 Rc2+
41. Kg3 h6 42. Bf4 g5 43. Bd6 Re2 44. Kf3 h5 45. h4 gxh4 46. e5 h3 47. Rh4 h2 48. e6+ Kxe6 49. Bxh2 Rb2 50. Re4+ Kf7
51. Be5 Rc2 52. Rf4+ Ke6 53. Bd4 Rc1 54. Rf6+ Ke7 55. Rh6 Rf1+ 56. Ke4 Be2 57. Ke5 Rf7 58. e4 Kd7 59. Bc5 Rf1 60. Kd5 Rd1+
61. Bd4 Rb1 62. Rh7+ Kc8 63. Bc5 Rd1+ 64. Kc6 Bb5+ 65. Kb6 Re1 66. Re7 Kd8 67. e5 h4 68. Bd6 h3 69. Rh7 Re3 70. Kc5 Rc3+
71. Kd4 Rd3+ 72. Ke4 Kc8 73. Bc5 Kd8 74. e6 Rd1 75. Rxh3 Re1+ 76. Kd5 Rd1+ 77. Bd4 Be8 78. Rh7 Ba4 79. Kc5 Bb3 80. Bf6+ Kc8
81. e7 Kd7 82. Rh8 Rc1+ 83. Kb6 Bf7 84. Rd8+ Ke6 85. e8=Q+ Bxe8 86. Rxe8+ Kf7 87. Re4 Kxf6 88. Kxa6 Kf5 89. Re8 Ra1+ 90. Kb6 Rb1 91. b5 Kf6 92. Kc6 Rc1+ 93. Kb7 1-0

[Event "Skakligaen 2024-25"]
[Site "Denmark"]
[Date "2024.12.08"]
[Round "4.4"]
[White "Hoiberg, Nina"]
[Black "Liu, Casper Yukun"]
[Result "0-1"]
[WhiteElo "2081"]
[BlackElo "2244"]
[EventDate "2024.11.02"]
[EventType "team-tourn"]
[EventRounds "9"]
[EventCountry "DEN"]
[SourceTitle "Holdskaksystemet"]
[WhiteTeam "Nordre"]
[BlackTeam "BMS"]
[WhiteTeamCountry "DEN"]
[BlackTeamCountry "DEN"]

1. e4 c6 2. d4 d5 3. exd5 cxd5 4. c4 Nf6 5. Nc3 g6 6. cxd5 Nxd5 7. Qb3 Nb6 8. Bb5+ Bd7 9. Nf3 Bg7 10. Ne5 O-O
11. Nxd7 N8xd7 12. O-O Nf6 13. Rd1 e6 14. Bg5 h6 15. Bxf6 Qxf6 16. a4 Rfd8 17. a5 Nd5 18. a6 Rab8 19. Nxd5 exd5 20. Qd3 Rd6
21. b3 bxa6 22. Ba4 Rb4 23. Rac1 Re6 24. Qd2 Qe7 25. Re1 Rxd4 26. Rxe6 Qxe6 27. Qc2 Kh7 28. g3 Re4 29. Qc6 Qf5 30. Qxa6 Bd4
31. Qf1 Qf3 32. Rc2 Bc3 33. Rc1 Bd2 34. Rd1 Ba5 35. Bc6 Re5 36. Rc1 Bb6 0-1